<?xml version="1.0" encoding="UTF-8"?>
<marc:record xmlns:marc="http://www.loc.gov/MARC21/slim">
   <marc:leader>00000nam a2200000 a 4500</marc:leader>
   <marc:datafield ind1="1" ind2=" " tag="100">
      <marc:subfield code="a">Valentino, Serena</marc:subfield>
      <marc:subfield code="4">aut</marc:subfield>
      <marc:subfield code="e">Verfasser/-in</marc:subfield>
   </marc:datafield>
   <marc:datafield ind1="0" ind2="0" tag="245">
      <marc:subfield code="a">Die Einsame im Meer</marc:subfield>
   </marc:datafield>
   <marc:datafield ind1=" " ind2="1" tag="264">
      <marc:subfield code="b">Carlsen</marc:subfield>
      <marc:subfield code="c">2019</marc:subfield>
   </marc:datafield>
   <marc:datafield ind1="1" ind2=" " tag="520">
      <marc:subfield code="a">Die Geschichte der Meereskönigstochter Arielle ist ein großes Märchen der Weltliteratur. Es geht darin um das Verlieren, Wiederfinden und Aufbegehren. Immer will Arielle mehr, als ihre Welt ihr bieten kann, und ihr Vater verlangt, dass sie innerhalb der Grenzen seiner Welt bleibt. Ihre Rebellion kostet die kleine Meerjungfrau ihre Stimme und fast ihre Seele. Aber die Kraft des Guten überwiegt, und Ariel taucht stolz und unverändert auf. In diesem Buch wird das Märchen erstmals als spannender, psychologisch einfühlsamer Fantasy-Roman erzählt.</marc:subfield>
   </marc:datafield>
   <marc:datafield ind1=" " ind2=" " tag="020">
      <marc:subfield code="a">9783551280343</marc:subfield>
      <marc:subfield code="9">9783551280343</marc:subfield>
   </marc:datafield>
</marc:record>
